Statistics for Countries by Official Language

Click here to take the quiz!

General Stats

  • This quiz has been taken 69,490 times
    (69,474 since last reset)
  • The average score is 14 of 20

Answer Stats

Official Languages Country % Correct
DanishDenmark
97%
Hindi, EnglishIndia
93%
HebrewIsrael
91%
English, Afrikaans, Zulu, others...South Africa
88%
Dutch, French, GermanBelgium
83%
German, French, Italian, RomanshSwitzerland
82%
Arabic, KurdishIraq
81%
Greek, TurkishCyprus
77%
Italian, LatinVatican City
76%
English, MaoriNew Zealand
76%
English, UrduPakistan
71%
KhmerCambodia
64%
Tagalog, EnglishPhilippines
62%
English, Malay, Chinese, TamilSingapore
61%
Sinhala, TamilSri Lanka
60%
Pashto, PersianAfghanistan
60%
CatalanAndorra
59%
Sesotho, EnglishLesotho
56%
Malagasy, FrenchMadagascar
38%
AmharicEthiopia
29%

Score Distribution

Percentile by Number Answered

Percent of People with Each Score

Your Score History

You have not taken this quiz since the last reset